00645cam a22001932 4500001001100000005001700011008004100028020001700069040001500086100003900101245008700140250001300227260003700240300001800277600003200295650005400327651006700381852000300448000002112720151217145931.0120112s xx 000 0 eng d a0393330922 : aKABUcKABU1 aDiggins, John Patrick.@000018181710aRonald Reagan :bfate, freedom, and the making of history /cJohn Patrick Diggins. a1st ed. aNew York :bW. W. Norton,c2007. axxii, 493 p.10aReagan, Ronald.@0000040760 0aPresidentsxBiographyzUnited States.@0000181818 0aUnited StatesxPolitics and governmenty1981-1989.@00001818191